Państwa które produkują najwięcej pistacji. - Statystyki

Ogólne statystyki
  • Ten quiz został rozwiązany 8 razy
    3 od ostatniego zresetowania
  • Średni wynik to 10 z 20
Statystyki odpowiedzi
# Odpowiedź Produkcjat Udział w światowej produkcji % Poprawnych
10 Australia 1 526 t
100%
4 Chiny 81 700 t 8%
100%
9 Irak 2 217 t 0,22%
100%
2 Iran ~241 669 t 24% {2022}
100%
15 Meksyk 108 t
100%
1 Stany zjednoczone ~400 070 - 675 850 t 39% {2022} - rekord 59 0 000 t {2023}
100%
3 Turcja 239 289 t 23% {2022}
100%
20 Włochy -dane szacunkowe ~1 200 t {2022}
100%
8 Afganistan 2 800 t 0,27%
50%
19 Grecja - dane szacunkowe ~7 000-10 000 t
50%
16 Maroko 46 t
50%
7 Tunezja 3 190 t 0,3%
50%
17 Azerbejdżan 28 t
0%
12 Jordania 577 t
0%
11 Kirgistan 936 t
0%
6 Madagaskar 6 469 t 0,6%
0%
18 Mauritius 5 t
0%
14 Pakistan 312 t
0%
5 Syria 45 467 t 4,4%
0%
13 Uzbekistan 394 t
0%
Nie znaleziono quizów pasujących do podanych kryteriów
Rozkład punktacji
Procent ludzi z każdym wynikiem
Percentyl według liczby udzielonych odpowiedzi
Twoja historia wyników
Nie rozwiązałeś tego quizu od ostatniego zresetowania